| 000 | 00775nam0a22002531 4500 | ||
|---|---|---|---|
| 001 | rc\1123164 | ||
| 005 | 20041126174453.1 | ||
| 035 | _a(NLR Aleph) 006365931 | ||
| 090 |
_a4949798 _c4949798 |
||
| 100 | _a20041126d1981 u |0rusy50 ca | ||
| 101 | 0 | _arus | |
| 102 | _aRU | ||
| 105 | _aa ||||||||| | ||
| 200 | 1 | _aСемья, дом, квартира | |
| 210 |
_aМ. _cЗнание _d1981 |
||
| 215 |
_a95 с. _cил. _d17 |
||
| 225 | 1 |
_aНародный университет _iПедагогический факультет _v№ 8 |
|
| 320 | _aБиблиогр.: с. 94 (7 назв.) | ||
| 700 | 1 |
_aОрлова _bЛ. В. _gЛидия Витальевна |
|
| 801 | 0 |
_aRU _bNLR _gpsbo |
|
| 801 | 1 |
_aRU _bELAR _2rusmarc |
|
| 852 |
_aNLR _j81-2/3413 |
||
| 942 | _cBOOK | ||
| 980 | _aNB | ||